| 000 | 00575nam a2200241Ia 4500 | ||
|---|---|---|---|
| 003 | 20180516111606.0 | ||
| 005 | 20180516111625.0 | ||
| 008 | 180207s9999 xx 000 0 und d | ||
| 020 | _a978043909836X | ||
| 050 | _bP762 1998 | ||
| 100 | _aPolacco, Patricia | ||
| 245 | _aThank you, Mr. Falker / | ||
| 245 | _cby Patricia Polacco. | ||
| 260 | _aBroadway, New York : | ||
| 260 | _bScholastic, | ||
| 260 | _c1998 | ||
| 300 | _aunpaged : | ||
| 300 | _bcolor illustrations ; | ||
| 300 | _c27cm. | ||
| 500 | _a650 | ||
| 700 | _aTitle. | ||
| 942 |
_2lcc _cLEX |
||
| 999 |
_c354985 _d354985 |
||